<?xml version="1.0" encoding="UTF-8"?>
<record
    xmlns:xsi="http://www.w3.org/2001/XMLSchema-instance"
    xsi:schemaLocation="http://www.loc.gov/MARC21/slim http://www.loc.gov/standards/marcxml/schema/MARC21slim.xsd"
    xmlns="http://www.loc.gov/MARC21/slim">

  <leader>01140nam a2200241Ia 4500</leader>
  <datafield tag="952" ind1=" " ind2=" ">
    <subfield code="0">0</subfield>
    <subfield code="1">0</subfield>
    <subfield code="4">0</subfield>
    <subfield code="7">0</subfield>
    <subfield code="a">01</subfield>
    <subfield code="b">01</subfield>
    <subfield code="d">2007-01-25</subfield>
    <subfield code="l">1</subfield>
    <subfield code="o">070.44 M365g</subfield>
    <subfield code="p">01 000389</subfield>
    <subfield code="r">2013-01-30</subfield>
    <subfield code="s">2013-01-29</subfield>
    <subfield code="t">1</subfield>
    <subfield code="w">2012-06-24</subfield>
    <subfield code="y">LB</subfield>
  </datafield>
  <datafield tag="952" ind1=" " ind2=" ">
    <subfield code="0">0</subfield>
    <subfield code="1">0</subfield>
    <subfield code="4">0</subfield>
    <subfield code="7">0</subfield>
    <subfield code="a">01</subfield>
    <subfield code="b">01</subfield>
    <subfield code="d">2016-02-24</subfield>
    <subfield code="l">0</subfield>
    <subfield code="o">070.44 M365g</subfield>
    <subfield code="p">01 008832</subfield>
    <subfield code="r">2016-02-24</subfield>
    <subfield code="t">3</subfield>
    <subfield code="w">2016-02-24</subfield>
    <subfield code="y">LB</subfield>
  </datafield>
  <datafield tag="952" ind1=" " ind2=" ">
    <subfield code="0">0</subfield>
    <subfield code="1">0</subfield>
    <subfield code="4">0</subfield>
    <subfield code="7">0</subfield>
    <subfield code="a">01</subfield>
    <subfield code="b">01</subfield>
    <subfield code="d">2016-12-09</subfield>
    <subfield code="l">0</subfield>
    <subfield code="o">070.44 M365g</subfield>
    <subfield code="p">01 005693</subfield>
    <subfield code="r">2016-12-09</subfield>
    <subfield code="t">2</subfield>
    <subfield code="w">2016-12-09</subfield>
    <subfield code="y">LB</subfield>
  </datafield>
  <datafield tag="999" ind1=" " ind2=" ">
    <subfield code="c">56172</subfield>
    <subfield code="d">56172</subfield>
  </datafield>
  <controlfield tag="005">20231102150557.0</controlfield>
  <controlfield tag="008">120622s1973    mx            000 0 spa d</controlfield>
  <datafield tag="020" ind1=" " ind2=" ">
    <subfield code="a">9688880337</subfield>
  </datafield>
  <datafield tag="050" ind1=" " ind2=" ">
    <subfield code="a">PN4775</subfield>
    <subfield code="b">V36 1973</subfield>
  </datafield>
  <datafield tag="082" ind1=" " ind2=" ">
    <subfield code="a">070.44</subfield>
    <subfield code="b">M365g</subfield>
  </datafield>
  <datafield tag="100" ind1=" " ind2=" ">
    <subfield code="a">Mart&#xED;n Vivaldi, Gonzalo</subfield>
    <subfield code="d">autor</subfield>
  </datafield>
  <datafield tag="245" ind1=" " ind2=" ">
    <subfield code="a">G&#xE9;neros period&#xED;sticos</subfield>
    <subfield code="b"> : reportaje, cr&#xF3;nica, art&#xED;culo : an&#xE1;lisis diferencial</subfield>
    <subfield code="c">/ Gonzalo Mart&#xED;n Vivaldi</subfield>
  </datafield>
  <datafield tag="260" ind1=" " ind2=" ">
    <subfield code="a">M&#xE9;xico</subfield>
    <subfield code="b"> : Ediciones Prisma</subfield>
    <subfield code="c">, 1973</subfield>
  </datafield>
  <datafield tag="300" ind1=" " ind2=" ">
    <subfield code="a">394 p&#xE1;ginas</subfield>
  </datafield>
  <datafield tag="500" ind1=" " ind2=" ">
    <subfield code="a">Incluye diccionario de redacci&#xF3;n y estilo period&#xED;sticos </subfield>
  </datafield>
  <datafield tag="504" ind1=" " ind2=" ">
    <subfield code="a">Bibliograf&#xED;a (pp.  - )</subfield>
  </datafield>
  <datafield tag="505" ind1=" " ind2=" ">
    <subfield code="a">- Estilo y Lenguaje Period&#xED;sticos
- El Reportaje
- La Cr&#xF3;nica Period&#xED;stica
- El Art&#xED;culo Period&#xED;stico
- La Titulaci&#xF3;n Period&#xED;stica
- Periodismo y Literatura
- Lenguaje Totalitario, Lenguaje &lt;Funcional&gt; y Lenguaje Period&#xED;stico
- Presentaci&#xF3;n del original</subfield>
  </datafield>
  <datafield tag="519" ind1=" " ind2=" ">
    <subfield code="a">Plan Flexible /</subfield>
    <subfield code="b">Ciencias de la Comunicaci&#xF3;n / </subfield>
    <subfield code="c">Taller de Redacci&#xF3;n (B14-5) / </subfield>
    <subfield code="d">(01 008832)</subfield>
  </datafield>
  <datafield tag="519" ind1=" " ind2=" ">
    <subfield code="a">Material Complementario /</subfield>
    <subfield code="d">(01 000389, 01 005693)</subfield>
  </datafield>
  <datafield tag="650" ind1="1" ind2="4">
    <subfield code="a">G&#xC9;NEROS PERIOD&#xCD;STICOS</subfield>
  </datafield>
  <datafield tag="650" ind1="2" ind2="4">
    <subfield code="a">PERIODISMO</subfield>
  </datafield>
  <datafield tag="942" ind1=" " ind2=" ">
    <subfield code="c">LB</subfield>
  </datafield>
</record>
